<?xml version="1.0" encoding="UTF-8"?>
<record
    xmlns:xsi="http://www.w3.org/2001/XMLSchema-instance"
    xsi:schemaLocation="http://www.loc.gov/MARC21/slim http://www.loc.gov/standards/marcxml/schema/MARC21slim.xsd"
    xmlns="http://www.loc.gov/MARC21/slim">

  <leader>03366nam a22003257a 4500</leader>
  <controlfield tag="001">8988</controlfield>
  <controlfield tag="003">FISKH</controlfield>
  <controlfield tag="005">20251112163718.0</controlfield>
  <controlfield tag="008">251112b        cb ||||| |||| 00| 0 eng d</controlfield>
  <datafield tag="020" ind1=" " ind2=" ">
    <subfield code="a">9789995088842</subfield>
  </datafield>
  <datafield tag="040" ind1=" " ind2=" ">
    <subfield code="a">FISKH</subfield>
    <subfield code="b">khr</subfield>
    <subfield code="c">FISKH</subfield>
    <subfield code="d">FISKH</subfield>
  </datafield>
  <datafield tag="050" ind1=" " ind2=" ">
    <subfield code="a">PZ7 </subfield>
  </datafield>
  <datafield tag="082" ind1=" " ind2=" ">
    <subfield code="a">398.22</subfield>
  </datafield>
  <datafield tag="100" ind1=" " ind2=" ">
    <subfield code="a">Sotheary, Kimsun</subfield>
  </datafield>
  <datafield tag="245" ind1=" " ind2=" ">
    <subfield code="a">&#x1796;&#x179F;&#x17CB;&#x1790;&#x17D2;&#x179B;&#x17B6;&#x1793;&#x17CB;&#x1780;&#x17D2;&#x17A2;&#x17C2;&#x1796;&#x17B7;&#x179F; :</subfield>
    <subfield code="b">Phython belching out venom / </subfield>
    <subfield code="c">&#x179A;&#x17C0;&#x1794;&#x179A;&#x17C0;&#x1784;&#x178A;&#x17C4;&#x1799; &#x17A2;&#x17D2;&#x1793;&#x1780;&#x179F;&#x17D2;&#x179A;&#x17B8; &#x1782;&#x17B9;&#x1798;&#x179F;&#x17CA;&#x17BB;&#x1793; &#x179F;&#x17BB;&#x1792;&#x17B6;&#x179A;&#x17B8; </subfield>
  </datafield>
  <datafield tag="260" ind1=" " ind2=" ">
    <subfield code="a">Phnom Penh : </subfield>
    <subfield code="b">Reading Books, </subfield>
    <subfield code="c">2007.</subfield>
  </datafield>
  <datafield tag="300" ind1=" " ind2=" ">
    <subfield code="a">20 pages : </subfield>
    <subfield code="b">color illustrations ;</subfield>
    <subfield code="c">25 cm . </subfield>
  </datafield>
  <datafield tag="490" ind1=" " ind2=" ">
    <subfield code="a">&#x1796;&#x17B7;&#x1797;&#x1796;&#x179A;&#x17BF;&#x1784;&#x1793;&#x17B7;&#x1791;&#x17B6;&#x1793;</subfield>
  </datafield>
  <datafield tag="505" ind1=" " ind2=" ">
    <subfield code="a">K 
</subfield>
  </datafield>
  <datafield tag="520" ind1=" " ind2=" ">
    <subfield code="a">&#x1798;&#x17B6;&#x1793;&#x1794;&#x17D2;&#x178F;&#x17B8;&#x1794;&#x17D2;&#x179A;&#x1796;&#x1793;&#x17D2;&#x1792;&#x1791;&#x17BE;&#x1794;&#x179A;&#x17C0;&#x1794;&#x1780;&#x17B6;&#x179A;&#x1790;&#x17D2;&#x1798;&#x17B8;&#x1790;&#x17D2;&#x1798;&#x17C4;&#x1784; &#x1796;&#x17BD;&#x1780;&#x1782;&#x17C1;&#x1794;&#x17B6;&#x1793;&#x1793;&#x17B6;&#x17C6;&#x1782;&#x17D2;&#x1793;&#x17B6;&#x1791;&#x17C5;&#x179B;&#x17C1;&#x1784;&#x1795;&#x17D2;&#x1791;&#x17C7;&#x17B3;&#x1796;&#x17BB;&#x1780;&#x1798;&#x17D2;&#x178F;&#x17B6;&#x1799;&#x1793;&#x17C5;&#x1797;&#x17BC;&#x1798;&#x17B7;&#x1798;&#x17BD;&#x1799;&#x1791;&#x17C0;&#x178F; &#x17D4;&#x200B; &#x1796;&#x17C1;&#x179B;&#x1793;&#x17C4;&#x17C7;&#x1780;&#x17CF;&#x1798;&#x17B6;&#x1793; &#x1796;&#x179F;&#x17CB;&#x1790;&#x17D2;&#x179B;&#x17B6;&#x1793;&#x17CB;&#x1798;&#x17BD;&#x1799;&#x1780;&#x17D2;&#x1794;&#x17B6;&#x179B;&#x1798;&#x1780;&#x179B;&#x17B7;&#x178D;&#x178A;&#x17B6;&#x1793;&#x1787;&#x17BE;&#x1784;&#x1793;&#x17C4;&#x17C7;&#x178A;&#x17BE;&#x1798;&#x17D2;&#x1794;&#x17B8;&#x1794;&#x1789;&#x17D2;&#x1787;&#x17B6;&#x1780;&#x17CB;&#x1796;&#x17B8;&#x17A2;&#x17C6;&#x1793;&#x17B6;&#x1785;&#x179A;&#x1794;&#x179F;&#x17CB;&#x1781;&#x17D2;&#x179B;&#x17BD;&#x1793; &#x17D4;&#x200B;&#x200B; &#x178A;&#x17C4;&#x1799;&#x179F;&#x17B6;&#x179A;&#x178F;&#x17C2;&#x17A2;&#x17C6;&#x1793;&#x17B6;&#x1785;&#x1793;&#x17C4;&#x17C7;&#x1794;&#x17D2;&#x178F;&#x17B8;&#x1794;&#x17D2;&#x179A;&#x1796;&#x1793;&#x17D2;&#x1792;&#x1780;&#x17CF;&#x179F;&#x17D2;&#x179B;&#x17B6;&#x1794;&#x17CB; &#x17A0;&#x17BE;&#x1799;&#x17B3;&#x1796;&#x17BB;&#x1780;&#x1798;&#x17D2;&#x178F;&#x17B6;&#x1799;&#x1780;&#x17CF;&#x1792;&#x17D2;&#x179C;&#x17BE;&#x1794;&#x17BB;&#x178E;&#x17D2;&#x1799;&#x178F;&#x17B6;&#x1798;&#x1794;&#x17D2;&#x179A;&#x1796;&#x17C3;&#x178E;&#x17B8; &#x17D4;&#x200B; &#x1796;&#x179F;&#x17CB;&#x1790;&#x17D2;&#x179B;&#x17B6;&#x1793;&#x17CB;&#x1780;&#x17CF;&#x179F;&#x17BD;&#x179A;&#x1791;&#x17C5;&#x1780;&#x17B6;&#x1793;&#x17CB;&#x1780;&#x17D2;&#x17A2;&#x17C2;&#x1780;&#x1790;&#x17B6;&#x17A0;&#x17C1;&#x178F;&#x17BB;&#x17A2;&#x17D2;&#x179C;&#x17B8;&#x1794;&#x17B6;&#x1793;&#x1787;&#x17B6;&#x1798;&#x17B6;&#x1793;&#x1798;&#x1793;&#x17BB;&#x179F;&#x17D2;&#x179F;&#x17A2;&#x17CA;&#x17BC;&#x17A2;&#x179A;&#x1793;&#x17C5;&#x1780;&#x17D2;&#x1793;&#x17BB;&#x1784;&#x1797;&#x17BC;&#x1798;&#x17B7; ? &#x1780;&#x17D2;&#x17A2;&#x17C2;&#x1780;&#x1780;&#x17CF;&#x1782;&#x17BB;&#x17A0;&#x1780;&#x1790;&#x17B6;&#x1796;&#x17BD;&#x1780;&#x1782;&#x17C1;&#x1780;&#x17C6;&#x1796;&#x17BB;&#x1784;&#x179F;&#x1794;&#x17D2;&#x1794;&#x17B6;&#x1799; &#x1796;&#x17D2;&#x179A;&#x17C4;&#x17C7;&#x1796;&#x17BD;&#x1780;&#x1782;&#x17C1;&#x1792;&#x17D2;&#x179B;&#x17B6;&#x1794;&#x17CB;&#x178A;&#x17B9;&#x1784;&#x1790;&#x17B6;&#x1796;&#x17B7;&#x179F;&#x1794;&#x1784;&#x1790;&#x17D2;&#x179B;&#x17B6;&#x1793;&#x17CB;&#x17AF;&#x1784;&#x1796;&#x17BC;&#x1780;&#x17C2;&#x1782;&#x17D2;&#x179A;&#x17B6;&#x1793;&#x17CB;&#x178F;&#x17C2;&#x179B;&#x17B7;&#x178D;&#x178A;&#x17B6;&#x1793;&#x1787;&#x17BE;&#x1784;&#x1798;&#x1793;&#x17BB;&#x179F;&#x17D2;&#x179F;&#x1780;&#x17CF;&#x179F;&#x17B6;&#x17D2;&#x179B;&#x1794;&#x17CB;&#x178A;&#x17C2;&#x179A; &#x178F;&#x17C2;&#x1798;&#x17D2;&#x178F;&#x1784;&#x1793;&#x17C1;&#x17C7;&#x1798;&#x17B7;&#x1793;&#x179F;&#x17D2;&#x179B;&#x17B6;&#x1794;&#x17CB;&#x1791;&#x17BE;&#x1794;&#x1782;&#x17C1;&#x179F;&#x1794;&#x17D2;&#x1794;&#x17B6;&#x1799;&#x1785;&#x17B7;&#x178F;&#x17D2;&#x178F; &#x17D4;&#x200B; &#x178A;&#x17C4;&#x1799;&#x1785;&#x17B6;&#x1789;&#x17CB;&#x1780;&#x179B;&#x1780;&#x17D2;&#x17A2;&#x17C2;&#x1780; &#x1796;&#x179F;&#x17CB;&#x1790;&#x17D2;&#x179B;&#x17B6;&#x1793;&#x17CB;&#x1780;&#x17CF;&#x1780;&#x17D2;&#x17A2;&#x17C2;&#x1796;&#x17B7;&#x179F;&#x1785;&#x17C4;&#x179B;&#x200B; &#x17A0;&#x17BE;&#x1799;&#x1780;&#x17CF;&#x179B;&#x17C2;&#x1784;&#x1798;&#x17B6;&#x1793;&#x17A2;&#x17C6;&#x1793;&#x17B6;&#x1785;&#x178F;&#x1791;&#x17C5;&#x1791;&#x17C0;&#x178F; &#x17D4;&#x200B; </subfield>
  </datafield>
  <datafield tag="520" ind1=" " ind2=" ">
    <subfield code="a">A newlywed couple went to visit the husband&#x2019;s parents in another village. At that time, a venomous snake came and trailed along their path to demonstrate its power. Because of the snake&#x2019;s power, both the husband and wife died, and the parents performed the traditional funeral rites.
The venomous snake then asked the serpent why there were so many people in the village. The serpent explained that the villagers were celebrating, because they had known that the venomous snake was so powerful that even just touching a person with its body could kill them. But this time, no one died, so the villagers were rejoicing.
Defeated by the serpent, the venomous snake gave up its venomous power, and from that point onward, it no longer possessed its deadly strength.</subfield>
  </datafield>
  <datafield tag="521" ind1="8" ind2=" ">
    <subfield code="a">510 
</subfield>
    <subfield code="b">Lexile estimate 
</subfield>
  </datafield>
  <datafield tag="521" ind1="8" ind2=" ">
    <subfield code="a">K 
</subfield>
    <subfield code="b">Raz-Plus 
</subfield>
  </datafield>
  <datafield tag="650" ind1=" " ind2=" ">
    <subfield code="a">&#x1796;&#x179F;&#x17CB;&#x1790;&#x17D2;&#x179B;&#x17B6;&#x1793;&#x17CB;&#x1780;&#x17D2;&#x17A2;&#x17C2;&#x179A;&#x1796;&#x17B7;&#x179F;</subfield>
    <subfield code="v">&#x179A;&#x17BF;&#x1784;&#x1793;&#x17B7;&#x1791;&#x17B6;&#x1793;&#x1780;&#x17BB;&#x1798;&#x17B6;&#x179A;&#x200B;</subfield>
  </datafield>
  <datafield tag="650" ind1=" " ind2=" ">
    <subfield code="a">Python belching out venom </subfield>
    <subfield code="v">Children's Stories </subfield>
  </datafield>
  <datafield tag="700" ind1=" " ind2=" ">
    <subfield code="a">Rotha, Ouk </subfield>
    <subfield code="e">Illustrator </subfield>
  </datafield>
  <datafield tag="700" ind1=" " ind2=" ">
    <subfield code="a">Visot, Seng</subfield>
    <subfield code="e">Illustrator </subfield>
  </datafield>
  <datafield tag="942" ind1=" " ind2=" ">
    <subfield code="2">ddc</subfield>
    <subfield code="c">KHB</subfield>
    <subfield code="n">0</subfield>
  </datafield>
  <datafield tag="999" ind1=" " ind2=" ">
    <subfield code="c">8988</subfield>
    <subfield code="d">8988</subfield>
  </datafield>
  <datafield tag="952" ind1=" " ind2=" ">
    <subfield code="0">0</subfield>
    <subfield code="1">0</subfield>
    <subfield code="2">ddc</subfield>
    <subfield code="4">0</subfield>
    <subfield code="7">0</subfield>
    <subfield code="8">Khmer-English Bilingual </subfield>
    <subfield code="a">002</subfield>
    <subfield code="b">002</subfield>
    <subfield code="c">TTP Khmer</subfield>
    <subfield code="d">2025-11-12</subfield>
    <subfield code="l">0</subfield>
    <subfield code="o">KIM PZ7 398.22</subfield>
    <subfield code="p">FIS04479</subfield>
    <subfield code="r">2025-11-12 16:35:51</subfield>
    <subfield code="t">1</subfield>
    <subfield code="w">2025-11-12</subfield>
    <subfield code="y">KHB</subfield>
  </datafield>
  <datafield tag="952" ind1=" " ind2=" ">
    <subfield code="0">0</subfield>
    <subfield code="1">0</subfield>
    <subfield code="2">ddc</subfield>
    <subfield code="4">0</subfield>
    <subfield code="7">0</subfield>
    <subfield code="8">Khmer-English Bilingual </subfield>
    <subfield code="a">002</subfield>
    <subfield code="b">002</subfield>
    <subfield code="c">TTP Khmer</subfield>
    <subfield code="d">2025-11-12</subfield>
    <subfield code="l">0</subfield>
    <subfield code="o">KIM PZ7 398.22</subfield>
    <subfield code="p">FIS04475</subfield>
    <subfield code="r">2025-11-12 16:36:18</subfield>
    <subfield code="t">2</subfield>
    <subfield code="w">2025-11-12</subfield>
    <subfield code="y">KHB</subfield>
  </datafield>
  <datafield tag="952" ind1=" " ind2=" ">
    <subfield code="0">0</subfield>
    <subfield code="1">0</subfield>
    <subfield code="2">ddc</subfield>
    <subfield code="4">0</subfield>
    <subfield code="7">0</subfield>
    <subfield code="8">Khmer-English Bilingual </subfield>
    <subfield code="a">002</subfield>
    <subfield code="b">002</subfield>
    <subfield code="c">TTP Khmer</subfield>
    <subfield code="d">2026-04-09</subfield>
    <subfield code="l">0</subfield>
    <subfield code="o">KIM PZ7 398.22</subfield>
    <subfield code="p">2026-0498</subfield>
    <subfield code="r">2026-04-09 15:31:16</subfield>
    <subfield code="t">3</subfield>
    <subfield code="w">2026-04-09</subfield>
    <subfield code="y">KHB</subfield>
  </datafield>
</record>
